Estados plurinacionales en Bolivia y Ecuador: nuevas ciudadanías, ¿más democracia? /

Este artículo pretende reflexionar en torno a los estados plurinacionales de Bolivia y Ecuador, respecto a sus formas de construcción de ciudadanía y democracia; para ello analiza el fin del Estado en ambos países, y las nuevas ciudadanías y democracias que desde estos se presentan.

Guardat en:
Dades bibliogràfiques
Autor principal: Cordero Ponce, Sofía
Format: Text
Matèries:
Etiquetes: Afegir etiqueta
Sense etiquetes, Sigues el primer a etiquetar aquest registre!

MARC

LEADER 00000 a a2200000 04500
001 45573
003
040
100 |a Cordero Ponce, Sofía  
245 |a Estados plurinacionales en Bolivia y Ecuador:   |b nuevas ciudadanías, ¿más democracia? /  |c Sofía Cordero Ponce  
520 |a Este artículo pretende reflexionar en torno a los estados plurinacionales de Bolivia y Ecuador, respecto a sus formas de construcción de ciudadanía y democracia; para ello analiza el fin del Estado en ambos países, y las nuevas ciudadanías y democracias que desde estos se presentan.  
590 |a AMB/NOVIEMBRE2014  
650 |a A)ESTADO  
650 |a B)DEMOCRACIA  
650 |a C)NACIONALIDAD  
650 |a D)BOLIVIA  
650 |a E)ECUADOR  
773 |g número240 ( , 2012), páginas 134-148  
999 |c 27609  |d 27609